• 首页
  • 本馆介绍
  • 公告通知
  • 最新文献
  • 馆藏检索
  • 电子资源
  • 读者导购
  • 参考咨询
  • 我的图书馆
  • 登录
  • 详细信息显示
  • 放入我的书架
  • 预约/预借图书
  • 作者相关作品
  • 分类相关作品
  • 丛书相关作品
  • 出版社相关作品

书目信息

  • 表格格式
  • 工作单格式
  • 卡片格式
题名:
环境声学
    
 
作者: 马大猷 著
分册:  
出版信息: 北京   科学出版社  1984
页数: 166页
开本: 19cm
丛书名: 物理学基础丛书
单 册:
中图分类: X12
科图分类:
主题词: 环境物理学
电子资源:
ISBN:
000 00665nam2 2200253 45
001 0184007107
005 20060820151213.76
010    @dCNY0.70
091    @a13031.2600
100    @a19950317d1984 em y0chiy0121 ea
101 0  @achi
102    @aCN@b110000
105    @ay z 000yy
200 10 @a环境声学@Ahuan jing sheng xue@f马大猷著@Fma da you zhu
210    @a北京@c科学出版社@d1984
215    @a166页@d19cm
225 2  @a物理学基础丛书
410  0 @120010@a物理学基础丛书
606 0  @a环境物理学
690    @aX12
701  0 @a马大猷@Ama da you@4著
801  0 @aCN@b上海图书馆@c20060820
801  2 @aCN@bNLC@c20060525
905    @f2@b115624-625@dX12@e8
    
    环境声学/马大猷著.-北京:科学出版社,1984
    166页;19cm.-(物理学基础丛书)
    
    
    ISBN :CNY0.70
    
●
相关链接 在E读中查询图书 在五车中查询图书 在当当中查询图书 在豆瓣中查询图书


正题名:环境声学     索取号:X12/8         预约/预借

序号 登录号 条形码 馆藏地/架位号 状态 备注
1 0115624   001486305   第二样本阅览室/ [索取号:X12/8] 在馆    
2 0115625   001486314   第三借阅区/ [索取号:X12/8] 在馆    
3 0115626   202380057   密集书库/ [索取号:X12/8] 在馆    
4 0470403   204704034   密集书库/ [索取号:X12/8] 在馆    
唐山师范学院图书馆 欢迎您!
大连网信软件有限公司© 版权所有